Simulačný systém pre optimalizáciu návrhu fotovoltickej elektrárne pre posumerov
Na minha lista:
| Autor principal: | |
|---|---|
| Outros Autores: | |
| Formato: | Manuscrito Livro |
| Idioma: | eslovaco |
| Publicado em: |
Bratislava : STU v Bratislave FEI, 2020
|
| Assuntos: | |
| Acesso em linha: | https://opac.crzp.sk/?fn=ResultFormChild0001BAA1&seo=CRZP-Zoznam-z%C3%A1znamov |
| Tags: |
Sem tags, seja o primeiro a adicionar uma tag!
|
MARC
| LEADER | 00000ntm a22000003a 4500 | ||
|---|---|---|---|
| 001 | stuzp78856 | ||
| 003 | SK-STU | ||
| 005 | 20200731111349.0 | ||
| 007 | ta | ||
| 008 | 150427s2015----xo-----f-mn---000-0-slo-d | ||
| 040 | |a STU |b slo | ||
| 041 | 0 | |a slo | |
| 044 | |a xo | ||
| 100 | 1 | |a Kosorinský, Šimon |u 032000 |4 aut |U FEI Fakulta elektrotechniky a informatiky |T FEI Ústav elektroenergetiky a aplikovanej elektrotechniky |X 86206 |U E020 |Y 548 |7 86206 | |
| 242 | 0 | 1 | |a Simulation system for optimization of photovoltaic power plant design for prosumers |y eng |
| 245 | 1 | 0 | |a Simulačný systém pre optimalizáciu návrhu fotovoltickej elektrárne pre posumerov |
| 260 | |c Bratislava : |c STU v Bratislave FEI, |c 2020 | ||
| 300 | |a 60 s. | ||
| 650 | 4 | |a fotovoltika |2 slo | |
| 650 | 4 | |a fotovoltický systém |2 slo | |
| 650 | 4 | |a vue.js |2 slo | |
| 650 | 4 | |a webová aplikácia |2 slo | |
| 650 | 4 | |a index ziskovosti |2 slo | |
| 650 | 4 | |a profitability index |2 eng | |
| 650 | 4 | |a photovoltics |2 eng | |
| 650 | 4 | |a photovoltic system |2 eng | |
| 650 | 4 | |a vue.js |2 eng | |
| 650 | 4 | |a web application |2 eng | |
| 700 | 1 | |a Sadloň, Matej |u 032000 |k Z3 |4 ths |U FEI Fakulta elektrotechniky a informatiky |T FEI Ústav elektroenergetiky a aplikovanej elektrotechniky |X 99135 |U E020 |Y 548 |7 99135 | |
| 856 | 4 | |u https://opac.crzp.sk/?fn=ResultFormChild0001BAA1&seo=CRZP-Zoznam-z%C3%A1znamov | |